<?xml version="1.0" encoding="UTF-8"?>
<collection xmlns="http://www.loc.gov/MARC21/slim">
 <record>
  <leader>     na                 </leader>
  <controlfield tag="001">INLIS000000000002928</controlfield>
  <controlfield tag="005">20220107085932</controlfield>
  <datafield tag="035" ind1=" " ind2=" ">
   <subfield code="a">0010-0621002528</subfield>
  </datafield>
  <controlfield tag="008">220107                g          0 ind  </controlfield>
  <datafield tag="245" ind1="1" ind2=" ">
   <subfield code="a">Belajar Hidup Bertanggung Jawab, Menangkal Narkoba Dan Kekerasan :</subfield>
   <subfield code="b">Untuk Siswa Kelas 1-2 SMP/MTs Dan Remaja Usia 13-15 Thn</subfield>
  </datafield>
  <datafield tag="100" ind1="1" ind2=" ">
   <subfield code="a">Martono, Lydia Harlina</subfield>
  </datafield>
  <datafield tag="260" ind1=" " ind2=" ">
   <subfield code="a">Jakarta :</subfield>
   <subfield code="b">Balai Pustaka,</subfield>
   <subfield code="c">2006</subfield>
  </datafield>
  <datafield tag="300" ind1=" " ind2=" ">
   <subfield code="a">63 hlm. ;</subfield>
   <subfield code="c">25 cm.</subfield>
  </datafield>
  <datafield tag="020" ind1=" " ind2=" ">
   <subfield code="a">979-690-087-4</subfield>
  </datafield>
  <datafield tag="084" ind1=" " ind2=" ">
   <subfield code="a">364.14 MAR b</subfield>
  </datafield>
  <datafield tag="520" ind1=" " ind2=" ">
   <subfield code="a">MENANGKAL NARKOBA DAN KEKERASAN Penyalahgunaan narkotika, psikotropika, dan zat adiktif (NAPZA) atau yang populer diistilahkan dengan narkoba, di kalangan sekelompok masyarakat kita menunjukkan gejala yang semakin memprihatinkan.Dewasa ini pengguna `pil setan` tersebut tidak pandang bulu dan mengancam masa depan generasi penerus bangsa. Dalam perkembangannya, Indonesia bahkan menjadi sasaran sindikat internasional dengan ditemukannya pabrik-pabrik (produsen) narkoba di beberapa daerah belakangan ini. Kondisi semacam ini mengharuskan berbagai pihak untuk turut berperan aktif dalam menanggulangi situasi yang sangat membahayakan ini. Selain harus berupaya menyelamatkan mereka yang sudah terjangkit ` virus ketergantungan` , perlu memberikan benteng berupa bekal mental yang kuat bagi yang belum terkontaminasi,terutama di kalangan siswa didik. buku `Belajar Hidup Bertanggung Jawab Menangkal Narkoba dan Kekerasan`. Buku yang terdiri atas 7 modul ini memberikan bekal kepada siswa Sekolah Menengah Pertama/MTsbagaimana menumbuhkan tanggung jawab sehingga tumbuh rasa percaya diri. Selanjutnya berani mengatakan ` tidak` kepada narkoba dan berbagai tindak kekerasan. Semoga bermanfaat.</subfield>
  </datafield>
  <datafield tag="082" ind1=" " ind2=" ">
   <subfield code="a">364.14</subfield>
  </datafield>
  <datafield tag="650" ind1=" " ind2="4">
   <subfield code="a">Narkotika Dan Kejahatan</subfield>
  </datafield>
  <datafield tag="650" ind1=" " ind2="4">
   <subfield code="a">Pencegahan</subfield>
  </datafield>
  <datafield tag="990" ind1=" " ind2=" ">
   <subfield code="a">027985</subfield>
  </datafield>
  <datafield tag="990" ind1=" " ind2=" ">
   <subfield code="a">027977</subfield>
  </datafield>
  <datafield tag="990" ind1=" " ind2=" ">
   <subfield code="a">027978</subfield>
  </datafield>
  <datafield tag="990" ind1=" " ind2=" ">
   <subfield code="a">027979</subfield>
  </datafield>
  <datafield tag="990" ind1=" " ind2=" ">
   <subfield code="a">027980</subfield>
  </datafield>
  <datafield tag="990" ind1=" " ind2=" ">
   <subfield code="a">027981</subfield>
  </datafield>
  <datafield tag="990" ind1=" " ind2=" ">
   <subfield code="a">027982</subfield>
  </datafield>
  <datafield tag="990" ind1=" " ind2=" ">
   <subfield code="a">027983</subfield>
  </datafield>
  <datafield tag="990" ind1=" " ind2=" ">
   <subfield code="a">027986</subfield>
  </datafield>
  <datafield tag="990" ind1=" " ind2=" ">
   <subfield code="a">027987</subfield>
  </datafield>
  <datafield tag="990" ind1=" " ind2=" ">
   <subfield code="a">027989</subfield>
  </datafield>
  <datafield tag="990" ind1=" " ind2=" ">
   <subfield code="a">027990</subfield>
  </datafield>
 </record>
</collection>
